MARC details
| 000 -LEADER |
| campo de control de longitud fija |
01657nam a2200277 i 4500 |
| 001 - NÚMERO DE CONTROL |
| campo de control |
69185 |
| 003 - IDENTIFICADOR DE NÚMERO DE CONTROL |
| campo de control |
ES-MaACL |
| 005 - FECHA Y HORA DE LA ÚLTIMA TRANSACCIÓN |
| campo de control |
20250722102506.0 |
| 007 - CAMPO FIJO DE DESCRIPCIÓN FÍSICA--INFORMACIÓN GENERAL |
| campo de control de longitud fija |
t| |
| 008 - DATOS DE LONGITUD FIJA--INFORMACIÓN GENERAL |
| campo de control de longitud fija |
040916s1905 sp ag |||| | spa d |
| 080 ## - NÚMERO DE LA CLASIFICACIÓN DECIMAL UNIVERSAL |
| Número de la Clasificación Decimal Universal |
821.134.2 Cervantes Saavedra, Miguel de 7 Quijote.07 |
| 245 03 - MENCIÓN DEL TÍTULO |
| Título |
El Ateneo de Madrid en el III Centenario de la publicación de El ingenioso hidalgo Don Quijote de la Mancha / |
| Mención de responsabilidad, etc. |
conferencias de los señores Bonilla, Canalejas, Cejador, Ibáñez Marín, Jiménez Campaña, Martínez Ruiz (Azorín), Mesa, Morato, Navarro y Ledesma, Nogales, Ovejero, Palomero, Pérez de Ayala, Roda, Royo Villanova, Salillas, Urbano, Val y Vicenti ; poesías de los sres. Darío e Icaza. Madrid, mayo 1905. |
| 260 ## - PUBLICACIÓN, DISTRIBUCIÓN, ETC. |
| Lugar de publicación, distribución, etc. |
Madrid : |
| Nombre del editor, distribuidor, etc. |
[s.n.], |
| Fecha de publicación, distribución, etc. |
1905 |
| Fabricante |
(Imp. de Bernardo Rodríguez) |
| 300 ## - DESCRIPCIÓN FÍSICA |
| Extensión |
VI, 498 páginas : |
| Otras características físicas |
ilustraciones, música ; |
| Dimensiones |
25 cm. |
| 500 ## - NOTA GENERAL |
| Nota general |
Ver las conferencias contenidas en esta obra |
| 530 ## - NOTA DISPONIBLE DE FORMULARIO FÍSICO ADICIONAL |
| Nota de formato físico adicional disponible |
Disponible en formato digital |
| 600 14 - PUNTO DE ACCESO ADICIONAL DE MATERIA--NOMBRE DE PERSONA |
| Nombre de persona |
Cervantes Saavedra, Miguel de, |
| Fechas asociadas al nombre |
1547-1616. |
| Título de la obra |
Don Quijote de la Mancha- |
| Subdivisión de forma |
Aniversarios y centenarios |
| 9 (RLIN) |
37614 |
| 610 24 - PUNTO DE ACCESO ADICIONAL DE MATERIA--NOMBRE DE ENTIDAD CORPORATIVA |
| Nombre de entidad corporativa o nombre de jurisdicción como elemento de entrada |
Ateneo de Madrid- |
| Subdivisión de forma |
Conferencias- |
| Subdivisión cronológica |
1900-1939 |
| 9 (RLIN) |
1907 |
| 610 24 - PUNTO DE ACCESO ADICIONAL DE MATERIA--NOMBRE DE ENTIDAD CORPORATIVA |
| Nombre de entidad corporativa o nombre de jurisdicción como elemento de entrada |
Ateneo de Madrid- |
| Subdivisión de forma |
Obras digitalizadas. |
| 9 (RLIN) |
1930 |
| 852 ## - LOCALIZACIÓN |
| Ubicación |
ES-MaACL |
| Ubicación en estantería |
Sala Pardo Bazán |
| Número de control de estantería |
B-4782 |
| Nota libre |
Revisado enlace: 22 de julio de 2025 |
| 856 4# - LOCALIZACIÓN Y ACCESO ELECTRÓNICOS |
| Identificador Uniforme de Recursos |
<a href="https://bibliotecadigital.jcyl.es/es/consulta/registro.do?id=16335">https://bibliotecadigital.jcyl.es/es/consulta/registro.do?id=16335</a> |
| Texto de enlace |
(Biblioteca Digital de Castilla y León) |
| Nota pública |
Versión en línea |
| 856 4# - LOCALIZACIÓN Y ACCESO ELECTRÓNICOS |
| Identificador Uniforme de Recursos |
<a href="http://bdh-rd.bne.es/viewer.vm?id=0000200513&page=1">http://bdh-rd.bne.es/viewer.vm?id=0000200513&page=1</a> |
| Texto de enlace |
(Biblioteca Digital Hispánica) |
| Nota pública |
Versión en línea |
| 942 ## - ELEMENTOS DE ENTRADA SECUNDARIOS (KOHA) |
| Fuente del sistema de clasificación o colocación |
Clasificación decimal universal |
| Tipo de ítem Koha |
Libro impreso |
| Suprimir en OPAC |
No |